| 000 | 00512nam a2200181 i 4500 | ||
|---|---|---|---|
| 001 | 101848 | ||
| 003 | ES-MaACL | ||
| 005 | 20230906183007.0 | ||
| 007 | t| | ||
| 008 | 051026s1910 gw ||||1| gre d | ||
| 100 | 1 |
_aMenandro. _980067 |
|
| 245 | 1 | 0 |
_aMenandrea ex papyris et membranis vetustissimis / _cMenandro; edidit Alfredus Koerte. |
| 250 | _aEd. minor. | ||
| 260 |
_aLipsiae : _bB.G. Teubner, _c1910. |
||
| 300 |
_a213 p. ; _c17 cm. |
||
| 700 | 1 |
_aKoerte, Alfred. _968455 |
|
| 852 |
_aES-MaACL _jD-2955 |
||
| 999 |
_c101848 _d101848 |
||